000 00776nam a22001817a 4500
005 20120306105849.0
020 _c225.00
_a
035 _aB-192853
037 _b
_adpl
082 _a302.234
100 _aसोनी, सुधीर
_943497
245 1 _aइलेक्ट्रॉनिक मीडिया /
_cसुधीर सोनी
260 _aजयपुर
_bयुनिवर्सिटी पब्लिकेशन्स
_c
270 _a
_b
_e
_k
300 _a98पृ.
_c22सेमी (सजिल्द)
942 _adpl
_cHN
_k
_2ddc
_h302.234
_mसोनीसु
999 _c63807
_d63807